<?xml version="1.0" encoding="UTF-8"?><?xml-stylesheet type="text/xsl" href="static/style.xsl"?><OAI-PMH xmlns="http://www.openarchives.org/OAI/2.0/" xmlns:xsi="http://www.w3.org/2001/XMLSchema-instance" xsi:schemaLocation="http://www.openarchives.org/OAI/2.0/ http://www.openarchives.org/OAI/2.0/OAI-PMH.xsd"><responseDate>2026-04-28T22:57:09Z</responseDate><request verb="GetRecord" identifier="oai:repisalud.isciii.es:20.500.12105/12453" metadataPrefix="marc">https://repisalud.isciii.es/rest/oai/request</request><GetRecord><record><header><identifier>oai:repisalud.isciii.es:20.500.12105/12453</identifier><datestamp>2025-05-12T08:09:53Z</datestamp><setSpec>com_20.500.12105_2052</setSpec><setSpec>com_20.500.12105_2051</setSpec><setSpec>col_20.500.12105_19614</setSpec></header><metadata><record xmlns="http://www.loc.gov/MARC21/slim" xmlns:dcterms="http://purl.org/dc/terms/" xmlns:doc="http://www.lyncode.com/xoai" xmlns:xsi="http://www.w3.org/2001/XMLSchema-instance" xsi:schemaLocation="http://www.loc.gov/MARC21/slim http://www.loc.gov/standards/marcxml/schema/MARC21slim.xsd">
   <leader>00925njm 22002777a 4500</leader>
   <datafield ind2=" " ind1=" " tag="042">
      <subfield code="a">dc</subfield>
   </datafield>
   <datafield ind2=" " ind1=" " tag="720">
      <subfield code="a">Torres Romero, María Gabriela</subfield>
      <subfield code="e">author</subfield>
   </datafield>
   <datafield ind2=" " ind1=" " tag="720">
      <subfield code="a">González Perfetti, Anaís Elvira</subfield>
      <subfield code="e">author</subfield>
   </datafield>
   <datafield ind2=" " ind1=" " tag="720">
      <subfield code="a">Hernández Hernández, Hanna</subfield>
      <subfield code="e">author</subfield>
   </datafield>
   <datafield ind2=" " ind1=" " tag="720">
      <subfield code="a">Rivadulla-Lema, Isidro</subfield>
      <subfield code="e">author</subfield>
   </datafield>
   <datafield ind2=" " ind1=" " tag="720">
      <subfield code="a">Sanz-Valero, Javier</subfield>
      <subfield code="e">author</subfield>
   </datafield>
   <datafield ind2=" " ind1=" " tag="720">
      <subfield code="a">Guergué Gómez, María Cruz</subfield>
      <subfield code="e">author</subfield>
   </datafield>
   <datafield ind2=" " ind1=" " tag="260">
      <subfield code="c">2020</subfield>
   </datafield>
   <datafield ind2=" " ind1=" " tag="520">
      <subfield code="a">[ES] Objetivo: Identificar factores que influyen en la duración de la prestación por riesgo durante el embarazo en las trabajadoras del ámbito sanitario. Material y Métodos: Estudio descriptivo y transversal. Se estudiaron las trabajadoras embarazadas del SNS- O, que notificaron su gestación desde 01 enero de 2017 hasta 31 diciembre de 2018. Las variables fueron: centro de trabajo, profesión, tipo de contrato, tipo de guardias, y su relación con la duración de la prestación por riesgo durante el embarazo. Resultados: 536 trabajadoras notificaron su embarazo, pero se excluyeron 86, por no disponer de la variable “duración de la prestación”. El análisis de los datos mostró una p>0,05 en todos los contrastes de hipótesis, excepto en la relación entre duración de prestación y guardias presenciales vs localizadas (p=0,052). Conclusiones: Ligera asociación entre las guardias presenciales vs localizadas y los días de suspensión del contrato de trabajo por riesgo durante el embarazo. [EN] Objective: To identify factors that influence the duration of the risk during pregnancy benefit in female health workers. Material and Methods: Descriptive and cross-sectional study. The pregnant workers studied were the ones who notified their gestation grom January 1, 2017 to December 31, 2018 of the SNS-O. The variables collected were: work center, profession, type of contract, type of guards, and their relationship with the duration of the risk benefit during pregnancy. Results: 536 workers notified their pregnancy, but 86 were excluded, because they did not have the variable “duration of benefit”. The analysis of the data showed a p> 0.05 in all hypothesis contrasts, except in the relationship between benefit duration and presence vs localized guards (p =0.052). Conclusions: Slight association between presence vs localized guards and the days of suspension of the employment contract due to risk during pregnancy.</subfield>
   </datafield>
   <datafield ind1="8" ind2=" " tag="024">
      <subfield code="a">Rev Asoc Esp Espec Med Trab 2020; 29: 29-34</subfield>
   </datafield>
   <datafield ind1="8" ind2=" " tag="024">
      <subfield code="a">1132-6255</subfield>
   </datafield>
   <datafield ind1="8" ind2=" " tag="024">
      <subfield code="a">http://hdl.handle.net/20.500.12105/12453</subfield>
   </datafield>
   <datafield ind1="8" ind2=" " tag="024">
      <subfield code="a">Revista de la Asociación Española de Especialistas en Medicina del Trabajo</subfield>
   </datafield>
   <datafield tag="653" ind2=" " ind1=" ">
      <subfield code="a">Mujeres embarazadas</subfield>
   </datafield>
   <datafield tag="653" ind2=" " ind1=" ">
      <subfield code="a">Mujeres trabajadoras</subfield>
   </datafield>
   <datafield tag="653" ind2=" " ind1=" ">
      <subfield code="a">Grupos de riesgo</subfield>
   </datafield>
   <datafield tag="653" ind2=" " ind1=" ">
      <subfield code="a">Pregnant women</subfield>
   </datafield>
   <datafield tag="653" ind2=" " ind1=" ">
      <subfield code="a">Women working</subfield>
   </datafield>
   <datafield tag="653" ind2=" " ind1=" ">
      <subfield code="a">Risk groups</subfield>
   </datafield>
   <datafield ind2="0" ind1="0" tag="245">
      <subfield code="a">Factores que influyen en la duración de la prestación por riesgo durante el embarazo en las trabajadoras del ámbito sanitario. Servicio Navarro de Salud-Osasunbidea: estudio descriptivo y transversal</subfield>
   </datafield>
</record></metadata></record></GetRecord></OAI-PMH>